[Event "Mistrzostwa Malopolski Gr-B"]
[Site "Krakow"]
[Date "2011.??.??"]
[Round "1.2"]
[White "Krzyzanowski, Kamil"]
[Black "Zmorzyski, Bohdan"]
[Result "1-0"]
[WhiteElo "1883"]
[BlackElo "1666"]
[PlyCount "63"]
[EventDate "2011.??.??"]

1. e4 c5 2. Nf3 e6 3. c3 d5 4. exd5 exd5 5. d4 Nc6 6. Be3 c4 7. Be2 Bd6 8. O-O
Nge7 9. b3 b5 10. a4 Na5 11. Nbd2 a6 12. b4 Nb7 13. axb5 a5 14. Ne5 Qb6 15. Qa4
O-O 16. Nc6 Qc7 17. Nxe7+ Bxe7 18. Qc2 Bd7 19. Bf3 axb4 20. Bxd5 Rxa1 21. Rxa1
bxc3 22. Nxc4 Bxb5 23. Ra7 Bc6 24. Qe4 Bxd5 25. Qxd5 Rb8 26. g3 c2 27. Bc1 Bb4
28. Ne5 Qb6 29. Nxf7 Qxa7 30. Nh6+ Kh8 31. Qg8+ Rxg8 32. Nf7# 1-0

[Event "Mistrzostwa Malopolski Gr-B"]
[Site "Krakow"]
[Date "2011.??.??"]
[Round "1.3"]
[White "Dworak, Leszek"]
[Black "Gregulski, Zbigniew"]
[Result "1/2-1/2"]
[WhiteElo "1663"]
[BlackElo "1880"]
[PlyCount "108"]
[EventDate "2011.??.??"]

1. d4 Nf6 2. c4 e6 3. Nf3 d5 4. Nc3 Be7 5. Bg5 a6 6. e3 O-O 7. Rc1 Nbd7 8. Bd3
dxc4 9. Bxc4 b5 10. Bd3 c5 11. O-O Bb7 12. Qe2 Qb6 13. Rfd1 Rfd8 14. a3 Rac8
15. e4 h6 16. Be3 cxd4 17. Nxd4 Bc5 18. Nc2 Ne5 19. Bxc5 Qxc5 20. Nb4 Qb6 21.
Bb1 g5 22. Rxd8+ Rxd8 23. h3 Kg7 24. Rd1 Rd4 25. Rxd4 Qxd4 26. Kf1 Nc4 27. Ke1
Qe5 28. g3 Qd4 29. Nc2 Qe5 30. Ne3 Nxa3 31. Bd3 b4 32. Ncd1 Nb5 33. Bxb5 axb5
34. Ng4 Nxg4 35. hxg4 Qxe4 36. Qxe4 Bxe4 37. Ke2 Kf6 38. f3 Bd5 39. Nf2 Bc4+
40. Ke3 Ke5 41. Ne4 Kd5 42. Nf6+ Kd6 43. Ng8 e5 44. Nxh6 Be6 45. Ke4 f6 46. f4
exf4 47. gxf4 gxf4 48. Kxf4 Kd5 49. Nf5 Kc4 50. Nd6+ Kb3 51. Nxb5 Kxb2 52. Nd4
Bd7 53. g5 Kc3 54. gxf6 Be8 1/2-1/2

[Event "Mistrzostwa Malopolski Gr-B"]
[Site "Krakow"]
[Date "2011.??.??"]
[Round "1.4"]
[White "Lenda, Lukasz"]
[Black "Marszalek, Jakub"]
[Result "1-0"]
[WhiteElo "1856"]
[BlackElo "1648"]
[PlyCount "91"]
[EventDate "2011.??.??"]

1. b4 Nc6 2. a3 e5 3. Bb2 d6 4. e3 Nf6 5. c4 Be7 6. Nc3 Be6 7. Nf3 a6 8. d4
exd4 9. exd4 Bg4 10. Be2 O-O 11. d5 Nb8 12. O-O Nbd7 13. Nd4 Ne5 14. f3 Bd7 15.
f4 Neg4 16. Qd3 g6 17. h3 Nh6 18. g4 Ne8 19. f5 Ng7 20. Rf3 Bh4 21. Raf1 gxf5
22. gxf5 Qg5+ 23. Kh1 Rae8 24. Bc1 Qf6 25. Ne4 Rxe4 26. Qxe4 Re8 27. Qd3 Nh5
28. Rg1+ Kh8 29. Re3 Ng7 30. Rxe8+ Bxe8 31. Qe3 Ng8 32. Bb2 Bd7 33. Qd2 Qe7 34.
Ne6 Bf6 35. Bxf6 Nxf6 36. Nxg7 Qe4+ 37. Rg2 Qh4 38. Qe3 Ne4 39. Bd3 Nf6 40. Qg3
Qh6 41. Nh5 Qc1+ 42. Rg1 Qxg1+ 43. Qxg1 Nxh5 44. Qg5 Ng7 45. f6 Ne8 46. Qh6 1-0

[Event "Mistrzostwa Malopolski Gr-B"]
[Site "Krakow"]
[Date "2011.??.??"]
[Round "1.5"]
[White "Kosztyla, Andrzej"]
[Black "Kasperek, Krzysztof"]
[Result "0-1"]
[WhiteElo "1647"]
[BlackElo "1819"]
[PlyCount "71"]
[EventDate "2011.??.??"]

1. e4 c5 2. Nc3 Nc6 3. g3 Nf6 4. Bg2 g6 5. Nge2 Bg7 6. d3 O-O 7. O-O d6 8. h3
a6 9. a4 Qc7 10. Be3 e5 11. Qd2 Nd4 12. Kh2 h5 13. Bg5 Be6 14. Nxd4 cxd4 15.
Ne2 Nh7 16. c3 dxc3 17. Nxc3 Nxg5 18. Qxg5 Kh7 19. Qd2 Qa5 20. h4 Rac8 21. Bh3
Rc7 22. Bxe6 fxe6 23. Qe2 Bh6 24. Rad1 Qc5 25. Kg2 Rcf7 26. f3 Rc7 27. Rde1 Qd4
28. Rd1 Rfc8 29. Rfe1 Qb4 30. Qf2 Qb3 31. d4 b5 32. axb5 axb5 33. Ra1 b4 34.
Nd1 Rc2 35. Re2 Rxe2 36. Qxe2 0-1

[Event "Mistrzostwa Malopolski Gr-B"]
[Site "Krakow"]
[Date "2011.??.??"]
[Round "2.1"]
[White "Zajac, Mateusz"]
[Black "Kolodziej, Krzysztof"]
[Result "1-0"]
[WhiteElo "1890"]
[BlackElo "1769"]
[PlyCount "49"]
[EventDate "2011.??.??"]

1. d4 Nf6 2. c4 g6 3. Nc3 Bg7 4. e4 d6 5. Nf3 O-O 6. Be2 Nc6 7. d5 Ne5 8. Nxe5
dxe5 9. Be3 b6 10. O-O e6 11. Qc2 exd5 12. cxd5 a6 13. a4 Ne8 14. a5 b5 15. Na2
f5 16. f3 Nd6 17. Nb4 Bd7 18. Rac1 fxe4 19. fxe4 Rxf1+ 20. Rxf1 Qh4 21. Qxc7
Qxe4 22. Bc5 Qxe2 23. Qxd7 Nf5 24. Qe6+ Kh8 25. Nc6 1-0

[Event "Mistrzostwa Malopolski Gr-B"]
[Site "Krakow"]
[Date "2011.??.??"]
[Round "2.2"]
[White "Kuta, Krzysztof"]
[Black "Krzyzanowski, Kamil"]
[Result "1-0"]
[WhiteElo "1737"]
[BlackElo "1883"]
[PlyCount "63"]
[EventDate "2011.??.??"]

1. e4 e5 2. Nf3 Nc6 3. Bb5 Nge7 4. Nc3 g6 5. d4 exd4 6. Nxd4 Bg7 7. Be3 O-O 8.
O-O a6 9. Be2 d6 10. Qd2 Bd7 11. Rad1 b5 12. a3 Qc8 13. b4 Ne5 14. f4 Ng4 15.
Bxg4 Bxg4 16. Nce2 Qb7 17. Qd3 c5 18. Nf3 c4 19. Qd2 Qxe4 20. Ng3 Qb7 21. h3
Bxf3 22. Rxf3 d5 23. Bc5 Rfe8 24. Re1 Rad8 25. Rfe3 Bf6 26. Qe2 Kf8 27. c3 d4
28. cxd4 Bxd4 29. Bxd4 Rxd4 30. Qb2 Qd7 31. Ne4 Rd3 32. Qh8+ 1-0

[Event "Mistrzostwa Malopolski Gr-B"]
[Site "Krakow"]
[Date "2011.??.??"]
[Round "2.3"]
[White "Jedrzejowski, Mariusz"]
[Black "Lenda, Lukasz"]
[Result "1-0"]
[WhiteElo "1720"]
[BlackElo "1856"]
[PlyCount "79"]
[EventDate "2011.??.??"]

1. Nf3 Nf6 2. b3 g6 3. Bb2 Bg7 4. c4 d6 5. Qc2 e5 6. d3 Nc6 7. a3 O-O 8. g3 Ng4
9. Bg2 f5 10. e4 a5 11. O-O f4 12. h3 Nh6 13. g4 Nf7 14. Nh2 h5 15. f3 hxg4 16.
fxg4 Bf6 17. Nf3 Ng5 18. Nbd2 Kg7 19. Nxg5 Bxg5 20. Nf3 Bf6 21. Rad1 Rh8 22. d4
Qe7 23. dxe5 Nxe5 24. Nxe5 Bxe5 25. Rd5 c6 26. Bxe5+ dxe5 27. Rd3 Qxa3 28. Rfd1
Qe7 29. c5 Be6 30. Qc3 Qf6 31. Rd6 Kf7 32. Bf1 Rhe8 33. Bc4 Re7 34. Rxe6 Rxe6
35. Rd7+ Ke8 36. Bxe6 Qxe6 37. Rd6 Qe7 38. Rxg6 Rd8 39. Rg8+ Kf7 40. Qc4+ 1-0

[Event "Mistrzostwa Malopolski Gr-B"]
[Site "Krakow"]
[Date "2011.??.??"]
[Round "2.4"]
[White "Kasperek, Krzysztof"]
[Black "Szczepanski, Henryk"]
[Result "1-0"]
[WhiteElo "1819"]
[BlackElo "1718"]
[PlyCount "125"]
[EventDate "2011.??.??"]

1. c4 e6 2. Nc3 c6 3. Nf3 d5 4. cxd5 cxd5 5. g3 Nc6 6. Bg2 Nf6 7. Qa4 Bd7 8.
O-O a6 9. d4 Be7 10. Qd1 b5 11. b3 O-O 12. Bb2 Rc8 13. Rc1 Qa5 14. a4 b4 15.
Nb1 Qb6 16. Nbd2 h6 17. e3 Rc7 18. Ne5 Nxe5 19. Rxc7 Qxc7 20. dxe5 Nh7 21. Qb1
Qb6 22. e4 Bc6 23. exd5 Bxd5 24. Bxd5 exd5 25. Qd3 Rd8 26. Bd4 Qb7 27. f4 Nf8
28. f5 Nd7 29. e6 Nf6 30. exf7+ Kxf7 31. Qe3 Ne4 32. Nxe4 dxe4 33. Rf4 Bf6 34.
Bxf6 Kxf6 35. Rxe4 Rd1+ 36. Kf2 Rd5 37. g4 Qc7 38. Kf3 a5 39. Rc4 Qd7 40. Qb6+
Rd6 41. Qc5 Rd3+ 42. Kf4 Kf7 43. Qe5 Kg8 44. Qe6+ Kh8 45. Qxd7 Rxd7 46. Rc5 Rd3
47. Rxa5 Rxb3 48. Rb5 Rb2 49. h4 b3 50. a5 Ra2 51. Rxb3 Rxa5 52. Rb4 Kg8 53. g5
hxg5+ 54. hxg5 Ra8 55. Kg4 Rd8 56. Kh5 Kh7 57. Rb7 Kg8 58. Kg6 Rd6+ 59. f6 Rd8
60. Rxg7+ Kh8 61. Rh7+ Kg8 62. f7+ Kf8 63. Rh8+ 1-0

[Event "Mistrzostwa Malopolski Gr-B"]
[Site "Krakow"]
[Date "2011.??.??"]
[Round "3.1"]
[White "Kuta, Krzysztof"]
[Black "Zajac, Mateusz"]
[Result "1/2-1/2"]
[WhiteElo "1737"]
[BlackElo "1890"]
[PlyCount "52"]
[EventDate "2011.??.??"]

1. e4 c5 2. Nf3 e6 3. d4 cxd4 4. Nxd4 a6 5. Be3 Qb6 6. Nb3 Qc7 7. c3 Nf6 8. f3
Be7 9. Bd3 O-O 10. N1d2 d5 11. Qe2 Nbd7 12. Qf2 dxe4 13. Bxe4 Nxe4 14. Nxe4 Nf6
15. Nxf6+ Bxf6 16. O-O Bd7 17. Bb6 Qc8 18. Nc5 Bc6 19. Rfd1 Bd8 20. Nd3 Bxb6
21. Qxb6 Qd8 22. Qxd8 Rfxd8 23. Nc5 Bd5 24. c4 Bc6 25. Kf2 Ba4 26. b3 Be8
1/2-1/2

[Event "Mistrzostwa Malopolski Gr-B"]
[Site "Krakow"]
[Date "2011.??.??"]
[Round "3.2"]
[White "Jedrzejowski, Mariusz"]
[Black "Kasperek, Krzysztof"]
[Result "1/2-1/2"]
[WhiteElo "1720"]
[BlackElo "1819"]
[PlyCount "51"]
[EventDate "2011.??.??"]

1. Nf3 c5 2. c4 Nc6 3. g3 Nf6 4. Bg2 g6 5. Nc3 Bg7 6. O-O O-O 7. Rb1 b6 8. Ne5
Qc7 9. Nxc6 dxc6 10. d3 Bd7 11. Bd2 Rab8 12. Qc2 Rfd8 13. Ne4 Nxe4 14. Bxe4 f5
15. Bg2 e5 16. Bc3 b5 17. b3 b4 18. Ba1 Rb6 19. f4 Ra6 20. Bxe5 Bxe5 21. fxe5
Qxe5 22. Kh1 Re8 23. Rbe1 Qc3 24. Rc1 Qe5 25. Rce1 Qc3 26. Rc1 1/2-1/2

[Event "Mistrzostwa Malopolski Gr-B"]
[Site "Krakow"]
[Date "2011.??.??"]
[Round "3.3"]
[White "Peronczyk, Karol"]
[Black "Gregulski, Zbigniew"]
[Result "1-0"]
[WhiteElo "1623"]
[BlackElo "1880"]
[PlyCount "33"]
[EventDate "2011.??.??"]

1. e4 c5 2. Nf3 Nc6 3. d4 cxd4 4. Nxd4 e5 5. Nb3 Nf6 6. Nc3 d6 7. Be2 Be7 8.
O-O O-O 9. f4 exf4 10. Bxf4 Ne5 11. Qe1 Ng6 12. Be3 Ng4 13. Bxg4 Bxg4 14. Qg3
h5 15. h3 Be6 16. Nd4 Bf6 17. Nxe6 1-0

[Event "Mistrzostwa Malopolski Gr-B"]
[Site "Krakow"]
[Date "2011.??.??"]
[Round "3.5"]
[White "Malik, Eugeniusz"]
[Black "Wolnik, Karol"]
[Result "1-0"]
[WhiteElo "1793"]
[BlackElo "1637"]
[PlyCount "85"]
[EventDate "2011.??.??"]

1. e4 e6 2. d4 d5 3. Nd2 dxe4 4. Nxe4 Nd7 5. Nf3 Ngf6 6. Nxf6+ Nxf6 7. Bf4 b6
8. Bb5+ Bd7 9. Bxd7+ Qxd7 10. O-O Nd5 11. Bg3 Bd6 12. Ne5 Qb5 13. c4 Qxb2 14.
cxd5 exd5 15. Nf3 Bxg3 16. Re1+ Kf8 17. hxg3 f6 18. Qb3 Qxb3 19. axb3 Kf7 20.
Ra6 Rhb8 21. Rc1 Rb7 22. Ne1 Rc8 23. Nd3 c6 24. b4 Rbc7 25. Rca1 Ra8 26. Rxb6
axb6 27. Rxa8 Ke7 28. Rb8 b5 29. Nc5 Ra7 30. Rb7+ Rxb7 31. Nxb7 Ke6 32. Kf1 f5
33. Ke2 g5 34. Nd8+ Kd7 35. Nf7 h6 36. Nxh6 Ke6 37. g4 f4 38. g3 fxg3 39. fxg3
Kf6 40. Nf5 Ke6 41. Kd3 Kd7 42. Nh4 Ke6 43. Nf3 1-0

[Event "Mistrzostwa Malopolski Gr-B"]
[Site "Krakow"]
[Date "2011.??.??"]
[Round "4.1"]
[White "Zajac, Mateusz"]
[Black "Jedrzejowski, Mariusz"]
[Result "1-0"]
[WhiteElo "1890"]
[BlackElo "1720"]
[PlyCount "49"]
[EventDate "2011.??.??"]

1. e4 c5 2. Nf3 e6 3. d4 cxd4 4. Nxd4 a6 5. c4 Qc7 6. Be3 Nf6 7. Nc3 Nc6 8. a3
Ne5 9. Rc1 Neg4 10. Bg5 h6 11. Bh4 Be7 12. Bg3 d6 13. Be2 h5 14. h3 Ne5 15. O-O
h4 16. Bf4 b6 17. b4 Nfd7 18. Qd2 Bb7 19. f3 f6 20. Nxe6 Qc6 21. Nd5 Kf7 22.
Nec7 Rac8 23. b5 Qc5+ 24. Be3 Qxa3 25. Ra1 1-0

[Event "Mistrzostwa Malopolski Gr-B"]
[Site "Krakow"]
[Date "2011.??.??"]
[Round "4.2"]
[White "Kasperek, Krzysztof"]
[Black "Kuta, Krzysztof"]
[Result "1-0"]
[WhiteElo "1819"]
[BlackElo "1737"]
[PlyCount "71"]
[EventDate "2011.??.??"]

1. c4 e5 2. Nc3 Nf6 3. g3 d5 4. cxd5 Nxd5 5. Bg2 Nxc3 6. bxc3 c6 7. Qc2 Be6 8.
Nf3 Nd7 9. O-O Be7 10. d4 f6 11. Rd1 Qc7 12. dxe5 Nxe5 13. Nd4 Bf7 14. Bf4 O-O
15. Rab1 Bc5 16. Be4 g6 17. h4 Qe7 18. h5 f5 19. hxg6 hxg6 20. Bxf5 Bxd4 21.
cxd4 gxf5 22. Bxe5 Bd5 23. f3 Qh7 24. Kg2 b5 25. Rh1 Qg6 26. Rh4 Kf7 27. Rbh1
Rg8 28. Rh6 Qg5 29. Rf6+ Qxf6 30. Bxf6 Kxf6 31. e4 fxe4 32. fxe4 Bc4 33. Qf2+
Kg7 34. Qf5 Rgd8 35. Rh7+ Kg8 36. Qg6+ 1-0

[Event "Mistrzostwa Malopolski Gr-B"]
[Site "Krakow"]
[Date "2011.??.??"]
[Round "4.3"]
[White "Klementys, Jerzy"]
[Black "Malik, Eugeniusz"]
[Result "0-1"]
[WhiteElo "1794"]
[BlackElo "1793"]
[PlyCount "126"]
[EventDate "2011.??.??"]

1. d4 Nf6 2. c4 e6 3. Nc3 Bb4 4. e3 Ne4 5. Qc2 f5 6. a3 Bxc3+ 7. bxc3 b6 8. Nf3
O-O 9. a4 Nc6 10. Bd3 Nf6 11. Ba3 d6 12. Nd2 Re8 13. O-O Ba6 14. h3 d5 15. cxd5
Bxd3 16. Qxd3 Nxd5 17. c4 Nf6 18. Qc2 Qd7 19. Rfd1 f4 20. Nf3 fxe3 21. fxe3
Red8 22. Rac1 Qe8 23. Bb2 Nb4 24. Qb3 c5 25. a5 Ne4 26. Ra1 Qg6 27. axb6 axb6
28. Rxa8 Rxa8 29. dxc5 bxc5 30. Rd7 Nf6 31. Ne5 Qb1+ 32. Rd1 Qc2 33. Qxc2 Nxc2
34. Rd3 h5 35. Ng6 Kf7 36. Nf4 Ra4 37. Rc3 Nb4 38. Rc1 h4 39. Bxf6 Kxf6 40. Ne2
Nd3 41. Rc3 Ra1+ 42. Kh2 Ne5 43. Nc1 Ra4 44. Nb3 Rxc4 45. Nxc5 Rxc3 46. Ne4+
Kf5 47. Nxc3 Nc4 48. Nd1 Ke4 49. g3 Nxe3 50. Nxe3 Kxe3 51. gxh4 Kf3 52. h5 e5
53. Kg1 Ke2 54. Kg2 e4 55. Kg3 e3 56. Kg4 Kf2 57. Kg5 e2 58. Kg6 e1=Q 59. Kxg7
Qe7+ 60. Kg6 Qe8+ 61. Kg5 Kg3 62. h6 Qg8+ 63. Kh5 Kxh3 0-1

[Event "Mistrzostwa Malopolski Gr-B"]
[Site "Krakow"]
[Date "2011.??.??"]
[Round "5.1"]
[White "Malik, Eugeniusz"]
[Black "Zajac, Mateusz"]
[Result "0-1"]
[WhiteElo "1793"]
[BlackElo "1890"]
[PlyCount "66"]
[EventDate "2011.??.??"]

1. e4 c5 2. c3 g6 3. d4 cxd4 4. cxd4 d5 5. e5 Nc6 6. Nc3 Nh6 7. Bb5 a6 8. Ba4
Bg7 9. Bb3 Bg4 10. f3 Be6 11. g4 Na5 12. Bc2 Bc8 13. Bf4 e6 14. Qc1 Ng8 15.
Nge2 h5 16. g5 Ne7 17. Kf2 Bd7 18. Bd3 Rc8 19. b3 Nac6 20. Qe3 Bf8 21. Na4 Nb4
22. Nc5 Nxd3+ 23. Qxd3 Bb5 24. Qd2 Qb6 25. Be3 Bxe2 26. Qxe2 Nf5 27. Na4 Qd8
28. Rac1 Ba3 29. Rxc8 Qxc8 30. Nc5 Nxd4 31. Bxd4 Bxc5 32. Bxc5 Qxc5+ 33. Kg3
O-O 0-1

[Event "Mistrzostwa Malopolski Gr-B"]
[Site "Krakow"]
[Date "2011.??.??"]
[Round "5.3"]
[White "Szczepanski, Henryk"]
[Black "Gregulski, Zbigniew"]
[Result "0-1"]
[WhiteElo "1718"]
[BlackElo "1880"]
[PlyCount "81"]
[EventDate "2011.??.??"]

1. d4 Nf6 2. Nf3 d5 3. h3 e6 4. c4 dxc4 5. Qa4+ Nbd7 6. Bf4 a6 7. Qxc4 c5 8. e3
b5 9. Qc2 Bb7 10. Bg3 Rc8 11. Qd1 cxd4 12. Nxd4 Bb4+ 13. Nd2 Ne4 14. N4b3 Bd5
15. Bd3 Bxb3 16. Qxb3 Bxd2+ 17. Ke2 Nxg3+ 18. fxg3 Ba5 19. Rad1 O-O 20. Rhf1
Qc7 21. Bxh7+ Kxh7 22. Qd3+ Kg8 23. Qxd7 Qxg3 24. Qd3 Rfd8 25. Qe4 Rxd1 26.
Rxd1 Qc7 27. Kf3 Qc2 28. Rd6 Qxe4+ 29. Kxe4 Rc2 30. Rxa6 Be1 31. Ra8+ Kh7 32.
g4 Rxb2 33. Ra7 Kg6 34. Kf3 Rf2+ 35. Ke4 Rh2 36. a4 bxa4 37. Rxa4 Rxh3 38. Ra1
Bd2 39. Ra3 Rxe3+ 40. Rxe3 Bxe3 41. Kxe3 0-1

[Event "Mistrzostwa Malopolski Gr-B"]
[Site "Krakow"]
[Date "2011.??.??"]
[Round "5.5"]
[White "Feliksinski, Tadeusz"]
[Black "Kolodziej, Krzysztof"]
[Result "0-1"]
[WhiteElo "1795"]
[BlackElo "1769"]
[PlyCount "76"]
[EventDate "2011.??.??"]

1. e4 d6 2. d4 g6 3. Nf3 Bg7 4. Nc3 Nf6 5. Bc4 O-O 6. O-O c6 7. Bg5 Qb6 8. Bb3
Bg4 9. Be3 Nbd7 10. h3 Bxf3 11. Qxf3 Rac8 12. Rad1 Qc7 13. Qe2 a6 14. Rfe1 c5
15. dxc5 Nxc5 16. Nd5 Nxd5 17. Bxc5 Nf4 18. Qf3 dxc5 19. c3 c4 20. Bc2 e5 21.
Kh2 Rcd8 22. g3 Ne6 23. Rd5 Rxd5 24. exd5 Nc5 25. Rd1 Qd6 26. Qe2 b5 27. Kg2
Rd8 28. b4 cxb3 29. axb3 Nd7 30. c4 b4 31. Qe3 f5 32. Qa7 Nc5 33. Kf1 e4 34.
Re1 Bc3 35. Re2 Bd4 36. Bd1 Nxb3 37. Qb7 Na5 38. c5 Bxc5 0-1

[Event "Mistrzostwa Malopolski  Gr-B"]
[Site "Krakow"]
[Date "2011.??.??"]
[Round "6.2"]
[White "Kasperek, Krzysztof"]
[Black "Lenda, Lukasz"]
[Result "1/2-1/2"]
[WhiteElo "1819"]
[BlackElo "1856"]
[PlyCount "121"]
[EventDate "2011.??.??"]

1. c4 g6 2. Nc3 Bg7 3. Nf3 Nf6 4. g3 d6 5. Bg2 Nbd7 6. O-O e5 7. b3 O-O 8. Bb2
Ng4 9. h3 Nh6 10. d4 c6 11. dxe5 dxe5 12. Qc2 f5 13. Rad1 Qe7 14. e3 Nf7 15.
Rd2 e4 16. Ne1 Nde5 17. Ne2 Be6 18. f4 exf3 19. Nxf3 Nxf3+ 20. Bxf3 Ne5 21. Bg2
Rad8 22. Rfd1 Rxd2 23. Qxd2 Bf6 24. Qd6 Qxd6 25. Rxd6 Kf7 26. Nf4 Re8 27. Nxe6
Rxe6 28. Rxe6 Kxe6 29. Bxe5 Bxe5 30. Kf2 Kd6 31. g4 fxg4 32. hxg4 Kc5 33. Ke2
Kb4 34. Kd3 Ka3 35. Bf3 Kxa2 36. Kc2 Ka3 37. Bd1 Kb4 38. Kd3 a5 39. Ke4 Bd6 40.
Kd3 b5 41. cxb5 cxb5 42. Kc2 a4 43. bxa4 bxa4 44. Kb2 a3+ 45. Ka2 Kc3 46. Bb3
Be7 47. g5 Bxg5 48. Kxa3 Bxe3 49. Bf7 Kd4 50. Kb3 Ke5 51. Kc3 Kf4 52. Kd3 Kf3
53. Bd5+ Kf2 54. Be4 Bc1 55. Kd4 Bb2+ 56. Kd3 Kg3 57. Ke2 Kf4 58. Bd3 Kg5 59.
Kf3 Kf6 60. Kg4 h5+ 61. Kh4 1/2-1/2

[Event "Mistrzostwa Malopolski  Gr-B"]
[Site "Krakow"]
[Date "2011.??.??"]
[Round "6.3"]
[White "Gregulski, Zbigniew"]
[Black "Malik, Eugeniusz"]
[Result "1-0"]
[WhiteElo "1880"]
[BlackElo "1793"]
[PlyCount "67"]
[EventDate "2011.??.??"]

1. d4 Nf6 2. Nf3 b6 3. g3 e6 4. Bg2 Bb7 5. O-O Be7 6. c4 O-O 7. Nc3 d6 8. Qc2
Nbd7 9. Rd1 Qc8 10. Bg5 h6 11. Bf4 Nh5 12. Be3 Rb8 13. a3 a5 14. Rac1 Nhf6 15.
h3 e5 16. Kh2 Bxf3 17. Bxf3 exd4 18. Bxd4 Ne5 19. Bd5 c6 20. Bxe5 dxe5 21. Bf3
Qe6 22. Ne4 Nxe4 23. Qxe4 c5 24. Rd5 f5 25. Qc2 e4 26. Bg2 Rbd8 27. Rcd1 Rxd5
28. cxd5 Qd6 29. e3 h5 30. Bf1 Rb8 31. Be2 a4 32. b3 axb3 33. Qxb3 c4 34. Qb1
1-0

[Event "Mistrzostwa Malopolski  Gr-B"]
[Site "Krakow"]
[Date "2011.??.??"]
[Round "6.4"]
[White "Kolodziej, Krzysztof"]
[Black "Peronczyk, Karol"]
[Result "0-1"]
[WhiteElo "1769"]
[BlackElo "1623"]
[PlyCount "96"]
[EventDate "2011.??.??"]

1. e4 c5 2. Nf3 d6 3. d4 cxd4 4. Nxd4 Nf6 5. Nc3 g6 6. f3 Bg7 7. Be3 O-O 8. Qd2
Nc6 9. Nb3 a5 10. Bb5 Be6 11. O-O-O Ne5 12. Nd4 Bd7 13. Qe2 a4 14. g4 a3 15. b3
Qa5 16. Bd2 Bh6 17. Bxd7 Qxc3 18. Bxh6 Nfxd7 19. Bxf8 Qb2+ 20. Kd2 Qxd4+ 21.
Ke1 Qc3+ 22. Kf2 Nxf8 23. f4 Qc5+ 24. Kg2 Ne6 25. Rhf1 Nc6 26. Rd5 Ncd4 27.
Rxc5 Nxe2 28. Rc4 N2xf4+ 29. Kf3 g5 30. Rh1 Kg7 31. h4 Ng6 32. Rc3 Nxh4+ 33.
Kf2 Nc5 34. Rc4 b5 35. Rb4 Rb8 36. Rd1 Na6 37. Rbd4 Rc8 38. c4 b4 39. Rd5 Rc5
40. e5 Ng6 41. exd6 Rxd5 42. Rxd5 exd6 43. Rxd6 Nc5 44. Rd5 Ne4+ 45. Ke3 Nc3
46. Rxg5 Nxa2 47. c5 h6 48. c6 hxg5 0-1

[Event "Mistrzostwa Malopolski  Gr-B"]
[Site "Krakow"]
[Date "2011.??.??"]
[Round "6.5"]
[White "Klementys, Jerzy"]
[Black "Krzyzanowski, Kamil"]
[Result "1/2-1/2"]
[WhiteElo "1794"]
[BlackElo "1883"]
[PlyCount "57"]
[EventDate "2011.??.??"]

1. d4 d5 2. c4 c6 3. Nf3 f5 4. e3 e6 5. Ne5 Nf6 6. Bd3 Bd6 7. O-O O-O 8. b3
Nbd7 9. f4 Ne4 10. Ba3 Nxe5 11. fxe5 Bxa3 12. Nxa3 Qg5 13. Rf3 b6 14. b4 Ba6
15. b5 Bb7 16. cxd5 cxd5 17. Nc2 a6 18. Nb4 Nc3 19. Qb3 Nxb5 20. Bxb5 axb5 21.
Rc1 Rfc8 22. Rxc8+ Rxc8 23. Nd3 Bc6 24. Qa3 Qd8 25. Nf4 Bd7 26. Rf1 Rc4 27. Qd6
Rc6 28. Qb4 Rc4 29. Qd6 1/2-1/2

[Event "Mistrzostwa Malopolski Gr-B"]
[Site "Krakow"]
[Date "2011.??.??"]
[Round "7.1"]
[White "Peronczyk, Karol"]
[Black "Zajac, Mateusz"]
[Result "1/2-1/2"]
[WhiteElo "1623"]
[BlackElo "1890"]
[PlyCount "38"]
[EventDate "2011.??.??"]

1. b4 c6 2. Nf3 Nf6 3. e3 d5 4. Bb2 Qb6 5. a3 a5 6. Bd4 Qc7 7. b5 Nbd7 8. c4 c5
9. Bb2 b6 10. cxd5 Nxd5 11. Bc4 Bb7 12. a4 e6 13. O-O N7f6 14. d3 Nb4 15. Nbd2
Bd6 16. e4 e5 17. Nh4 O-O-O 18. Qb3 Rhf8 19. Nf5 Ng4 1/2-1/2

[Event "Mistrzostwa Malopolski Gr-B"]
[Site "Krakow"]
[Date "2011.??.??"]
[Round "7.3"]
[White "Klementys, Jerzy"]
[Black "Kasperek, Krzysztof"]
[Result "1/2-1/2"]
[WhiteElo "1794"]
[BlackElo "1819"]
[PlyCount "73"]
[EventDate "2011.??.??"]

1. d4 d5 2. c4 e6 3. Nc3 Nf6 4. Bg5 Be7 5. e3 h6 6. Bh4 O-O 7. Nf3 Nbd7 8. Rc1
b6 9. cxd5 exd5 10. Bd3 c5 11. O-O Bb7 12. Bb1 Rc8 13. Ne5 Ne4 14. Bxe7 Qxe7
15. Nxd7 Nxc3 16. Rxc3 Qxd7 17. dxc5 Rxc5 18. Qc2 g6 19. Rxc5 bxc5 20. Qxc5 Qa4
21. b3 Qa6 22. Qd4 Rc8 23. f4 Qe2 24. f5 Ba6 25. Rd1 g5 26. f6 Re8 27. Rc1 Re6
28. Qxa7 Rxf6 29. Qb8+ Kg7 30. Qe5 Kf8 31. h3 Re6 32. Qh8+ Ke7 33. Rc7+ Kd6 34.
Qd8+ Ke5 35. Qh8+ Kd6 36. Qd8+ Ke5 37. Qh8+ 1/2-1/2

[Event "Mistrzostwa Malopolski Gr-B"]
[Site "Krakow"]
[Date "2011.??.??"]
[Round "7.4"]
[White "Lenda, Lukasz"]
[Black "Koloczek, Henryk"]
[Result "1-0"]
[WhiteElo "1856"]
[BlackElo "1776"]
[PlyCount "75"]
[EventDate "2011.??.??"]

1. b4 e5 2. Bb2 Bxb4 3. Bxe5 Nf6 4. Nc3 O-O 5. Bxf6 Qxf6 6. Nd5 Qd4 7. Nxb4
Qxb4 8. Nf3 d5 9. c3 Qa5 10. e3 c5 11. Qb3 Rd8 12. Be2 Qc7 13. d4 c4 14. Qc2
Re8 15. O-O Nd7 16. Nd2 Nf6 17. Rfe1 Bd7 18. Bf1 Re7 19. e4 Rae8 20. e5 Kh8 21.
a4 Qc8 22. Re3 Bf5 23. Qd1 Ne4 24. Nxe4 Bxe4 25. f3 Bg6 26. g4 f5 27. h4 fxg4
28. fxg4 Be4 29. Ra2 Qe6 30. Bg2 Bd3 31. Qf3 Rf7 32. Qxd5 Rf1+ 33. Kh2 Qxg4 34.
Bxf1 Bxf1 35. Qf3 Qxh4+ 36. Kg1 Bd3 37. Rh2 Qg5+ 38. Rg2 1-0

[Event "Mistrzostwa Malopolski Gr-B"]
[Site "Krakow"]
[Date "2011.??.??"]
[Round "7.5"]
[White "Krzyzanowski, Kamil"]
[Black "Wolnik, Karol"]
[Result "1-0"]
[WhiteElo "1883"]
[BlackElo "1637"]
[PlyCount "81"]
[EventDate "2011.??.??"]

1. e4 e6 2. d4 d5 3. Bd3 dxe4 4. Bxe4 Nf6 5. Bf3 c5 6. Ne2 Qb6 7. O-O Bd7 8. c4
cxd4 9. Nxd4 Bc5 10. Nb3 Bc6 11. Nxc5 Qxc5 12. b3 Qe5 13. Ba3 Bxf3 14. Qxf3 Ne4
15. Nd2 f5 16. Rae1 Qa5 17. b4 Qb6 18. Nxe4 fxe4 19. Qxe4 O-O 20. b5 Rf6 21.
Rd1 Qc7 22. Bd6 Qf7 23. Be5 Nd7 24. Bxf6 Nxf6 25. Qe2 Rf8 26. Rd6 Re8 27. Re1
e5 28. Red1 Rf8 29. Rd8 e4 30. Rxf8+ Qxf8 31. h3 h6 32. Qe3 b6 33. Qd4 Kh7 34.
Qd6 Qc8 35. c5 bxc5 36. Rc1 c4 37. Qd4 Qf5 38. Qxc4 e3 39. fxe3 Ne4 40. Rf1
Qxf1+ 41. Qxf1 1-0

[Event "Mistrzostwa Malopolski Gr-B"]
[Site "Krakow"]
[Date "2011.??.??"]
[Round "8.1"]
[White "Gregulski, Zbigniew"]
[Black "Zajac, Mateusz"]
[Result "0-1"]
[WhiteElo "1880"]
[BlackElo "1890"]
[PlyCount "34"]
[EventDate "2011.??.??"]

1. d4 Nf6 2. Nf3 c5 3. d5 d6 4. c4 e5 5. dxe6 fxe6 6. Nc3 Nc6 7. g3 Be7 8. Bg2
d5 9. Ng5 h6 10. Nh3 d4 11. Ne4 e5 12. Nxf6+ Bxf6 13. O-O Bf5 14. e4 Be6 15. b3
Qd7 16. f4 Bg4 17. Bf3 Bxf3 0-1

[Event "Mistrzostwa Malopolski Gr-B"]
[Site "Krakow"]
[Date "2011.??.??"]
[Round "8.3"]
[White "Kasperek, Krzysztof"]
[Black "Peronczyk, Karol"]
[Result "1/2-1/2"]
[WhiteElo "1819"]
[BlackElo "1623"]
[PlyCount "50"]
[EventDate "2011.??.??"]

1. c4 e5 2. Nc3 Nf6 3. Nf3 Nc6 4. g3 Bc5 5. Bg2 O-O 6. O-O d6 7. Na4 Bb6 8.
Nxb6 axb6 9. d4 Re8 10. dxe5 Nxe5 11. b3 Bg4 12. Nxe5 Rxe5 13. f3 Bd7 14. e4
Rea5 15. a4 b5 16. Bd2 R5a6 17. cxb5 Bxb5 18. Rf2 Bd7 19. Bf1 b5 20. Rc1 Rb6
21. Be3 Rb7 22. axb5 Bxb5 23. Rd2 Bxf1 24. Kxf1 Qe8 25. Kg2 Qe6 1/2-1/2

[Event "Mistrzostwa Malopolski Gr-B"]
[Site "Krakow"]
[Date "2011.??.??"]
[Round "8.4"]
[White "Kolodziej, Krzysztof"]
[Black "Krzyzanowski, Kamil"]
[Result "0-1"]
[WhiteElo "1769"]
[BlackElo "1883"]
[PlyCount "84"]
[EventDate "2011.??.??"]

1. e4 e5 2. Nf3 Nc6 3. Bb5 Nge7 4. d4 exd4 5. Nxd4 Ng6 6. Nc3 Bb4 7. Nde2 O-O
8. O-O Re8 9. a3 Ba5 10. b4 Bb6 11. Ng3 Nd4 12. Ba4 c6 13. Be3 Ne6 14. Bxb6
axb6 15. Bb3 Qf6 16. Qd2 Ngf4 17. Nf5 g6 18. Bxe6 dxe6 19. Qd4 e5 20. Nh6+ Kg7
21. Qe3 Kxh6 22. g3 Qg5 23. Kh1 Bh3 24. Rg1 Bg2+ 25. Rxg2 Nxg2 26. Qxg5+ Kxg5
27. Kxg2 Red8 28. Nd1 Rd2 29. Ne3 b5 30. Kf3 f5 31. h3 Rd4 32. exf5 gxf5 33.
h4+ Kf6 34. g4 Rf4+ 35. Kg3 fxg4 36. Nxg4+ Ke6 37. Re1 Rxa3+ 38. Ne3 Rxb4 39.
Kg2 Rxh4 40. f3 h5 41. Kg3 Rf4 42. Kf2 e4 0-1